Music Quiz

Random Music or Song Quiz
Score 0/23 Timer 04:00
54 Plays Today
% Correct
DDU-
98.4%
BBoom
97.7%
Peek-A
97.1%
As If It’s
96.8%
Eyes, Nose
96.7%
Gangnam
96.3%
Ice Cream
96%
Playing
95.8%
Mic
95.8%
Ring Ding
95%
Russian
94.6%
Roller
94.4%
% Correct
Boom
94.2%
T
93.9%
DN
92.8%
Because
89.7%
War of
88.6%
Magic
88%
Sixth
87.4%
Nothing
86.5%
Honey Funny
84.9%
Hot
84.5%
Star Wind
70.5%
Remove Ads.
Support Sporcle.
Get the best of Sporcle when you Go Orange. This ad-free experience offers more features, more stats, and more fun while also helping to support Sporcle. Thank you for becoming a member.

You're not logged in!

Compare scores with friends on all Sporcle quizzes.
OR
Log In

Show Comments

Extras

Top Quizzes Today


Score Distribution

Your Account Isn't Verified!

In order to create a playlist on Sporcle, you need to verify the email address you used during registration. Go to your Sporcle Settings to finish the process.

Report this User

Report this user for behavior that violates our Community Guidelines.

Details: